000 00210 a2200097 4500
001 48644
100 _aKemball, H
245 _aThe birth of flight
260 _aLondon
_bGeorge allen
_c
090 _c31570
_d31570
942 _aNUST-CAE
_cM
_c23970
999 _c283717
_d283717